| 000 | 01722cam a22002778i 4500 | ||
|---|---|---|---|
| 999 |
_c57700 _d57700 |
||
| 001 | 20541270 | ||
| 005 | 20221105203522.0 | ||
| 008 | 180614s2019 pau bf 001 0 eng | ||
| 010 | _a 2018028784 | ||
| 020 | _a9781496312600 (paperback) 1 | ||
| 041 | _aeng | ||
| 080 | _a616.1 M-24 | ||
| 245 | 0 | 0 |
_aManual of cardiovascular medicine / _ceditor, Brian P. Griffin, MD, FACC, The John and Rosemary Brown Endowed Chair in Cardiovascular Medicine, Vice-Chairman, Robert and Suzanne Tomsich Department of Cardiovascular Medicine, Section Head, Section of Cardiovascular Imaging, Cleveland Clinic, Cleveland, Ohio, Venu Menon, MD, FACC Director, Coronary Care Unit, Director Cardiovascular Fellowship Program Professor of Medicine, Cleveland Clinic Lerner College of Medicine Cleveland, Ohio Section Editors Thomas D. Callahan, MD, FACC Leslie Cho, MD, FACC Esther S.H. Kim, MD, MPH, FACC David Majdalany, MD, FACC W. H. Wilson Tang, MD, FACC Guest Editors Joseph M. Bumgarner, MD Chetan P. Huded, MD Newton B. Wiggins, MD. |
| 250 | _aFifth edition. | ||
| 264 | 1 |
_aPhiladelphia : _bWolters Kluwer Health, _c[2019]. |
|
| 300 |
_a1059 p. _bill. _c23 cm. |
||
| 504 | _aIncludes bibliographical references and index. | ||
| 650 | 0 |
_aCardiology _vHandbooks, manuals, etc. _9263 |
|
| 650 | 7 |
_aMEDICAL / Cardiology. _2bisacsh _99491 |
|
| 653 | _aმედიცინა | ||
| 653 | _aკაედიოლოგია | ||
| 700 | 1 |
_aGriffin, Brian P., _d1956- _eრედაქტორი _99492 |
|
| 700 | 1 |
_aMenon, Venu _eრედაქტორი _99493 |
|
| 942 |
_2udc _cBK |
||
| 955 |
_brl11 2018-06-14 _irl11 2018-06-14 ONIX to Dewey _axn13 2019-01-04 1 copy rec'd., to CIP ver. _arl00 2019-02-26 to SMA _arl46 2019-07-24 |
||